00576nam a2200193 a 450000500170000000800410001704000250005804100080008304400070009108200170009811000330011524500930014826000270024130000490026865000150031765000140033265000150034665000210036120160205160713.0140227s1980 sz o fr|||| 000 0 eng d aCO-BoIAVHcCO-BoIAVH0 aeng asz04a599.76bW92w2 bThe World Conservation Union10aWeasels badgers civets and mongooses and their relatives /cThe World Conservation Union aGland :bIUCN ,c1980? a32 páginas :bfotografías ;c22 x 15 cm.16aComadrejas26aMangostas26aMustelidos26aHistoria natural